00835cam a22002654a 45000010009000000050017000090080041000260100017000670160020000840200018001040200015001220350024001370400083001610410008002440420008002520800013002601000006002731010008002792450044002875040051003319060045003829420012004279990017004399520113004561498704820180109084733.0070829s2008 paua 001 0 eng  a 20070359067 a1013153442DNLM a9780781772068 a0781772060 a(OCoLC)ocn166454422 aDNLM/DLCcDLCdYDXdNLMdBTCTAdBAKERdYDXCPdCOUdKECdOCLCGdDAYdNLGGCdDLC aeng apcc a611 JOH1 a6 aANA10aRespiratory physiology :cJohn B. West. aIncludes bibliographical references and index. a7bcbccorignewd1eecipf20gy-gencatlg 2ddccBK c39965d39965 00102udc40708PËKGa002b002cPËKGd2018-01-09l0o611 JOHp002-2995102r2018-01-09w2018-01-09yBK